BIBLIOTHÈQUE DE LA MAISON DU MEXIQUE

Logo 1 Logo 2

Movimientos sociales en México durante la década de los 80 (notice nᵒ 477)

détails MARC
000 -Sello discográfico
campo de control de longitud fija 01058nam a2200313 4500
005 - Identificación de versión
campo de control 20251016082236.0
010 ## - Número Estándar Internacional de Libros (ISBN)
Número (ISBN) 968-36-1712-3
035 ## - Otros números de control del sistema
Número de control del sistema 18630
099 ## - fechas locales
Tipo de ítem Koha LIBRO
100 ## - Datos de procesamiento general
Datos de procesamiento general 19950808d1990 m y1spay5003 ba
105 ## - Campo de datos codificados: Material textual, monográfico
Datos codificados de monografía y 001zy
200 1# - Título y mención de responsabilidad
Título propio Movimientos sociales en México durante la década de los 80
Designación general del material texto impreso
Primer mención de responsabilidad Coordinadores Sergio Zermeño García Granados, Jesús Aurelio Cuevas Díaz
205 ## - Declaración de edición
Declaración de edición 1a ed
210 ## - Publicación, distribución, etc.
Lugar de publicación, distribución, etc. México
Nombre del editor, distribuidor, etc. Universidad Nacional Autónoma de México, Centro de Investigaciones Interdisciplinarias en Humanidades
Fecha de publicación, distribución, etc. 1990
215 ## - Descripción física
Designación de material específico y extensión del ítem 252 p
Otras características físicas 23 cm
345 ## - Nota de información de adquisición
Fuente de adquisición/dirección de la suscripción [OBSOLETO] Donación de la UNAM
410 #1 - Series
Título Antologías
606 ## - Término temático usado como materia
Elemento de entrada Movimientos sociales
Subdivisión geográfica México
Número Koha 1411
660 ## - Código de área geográfica
Código MX
702 ## - Nombre personal - Responsabilidad secundaria
Elemento de entrada Cuevas Díaz
Parte del nombre distinta del elemento de entrada Jesús Aurelio
Número Koha 1412
702 ## - Nombre personal - Responsabilidad secundaria
Elemento de entrada Zermeño García Granados
Parte del nombre distinta del elemento de entrada Sergio
Fechas 1947-
Número Koha 131
801 #0 - Fuente de origen
Agencia cm
900 ## -
-- 1/11815
900 ## -
-- 71095724\\\080895
942 ## - ELEMENTOS DE ENTRADA SECUNDARIOS (KOHA)
Tipo de ítem Koha Livre
996 ## -
-- MEX
-- 751145101
-- MMAG
-- 004302
-- 301.15 Z58M
-- 20201204LIV
Exemplaires
Estatus retirado Estado de daño Estado de pérdida Fecha de adquisición Biblioteca de origen Biblioteca actual Ubicación en estantería Código de barras Precio de reemplazo Signatura topográfica completa No para préstamo Tipo de ítem Koha Nota pública Nota no pública
      05/08/2025 Casa México Paris Casa México Paris   004302 05/08/2025 301.15 Z58M   Livre 20201204LIV 751145101